Statistics for NBA Last Names

Click here to take the quiz!

General Stats

  • This quiz has been taken 34 times
  • The average score is 13 of 15

Answer Stats

HintAnswer% Correct
Kobe, Joe, ThomasBryant
100%
Dell, Stephen, SethCurry
100%
Magic, James, CameronJohnson
100%
Anthony, Baron, EdDavis
97%
Danny, Gerald, DraymondGreen
97%
David, Klay, MychalThompson
97%
Jrue, Justin, AaronHoliday
93%
Rasheed, Ben, GeraldWallace
93%
Buck, Deron, LouWilliams
93%
Eric, Aaron, BenGordon
90%
Grant, Jordan, SolomonHill
90%
Mason, Miles, MarshallPlumlee
79%
Giannis, Thanasis, KostasAntetokounmpo
72%
Cody, Tyler, LukeZeller
72%
James, Derrick, DamianJones
66%

Score Distribution

Percentile by Number Answered

Percent of People with Each Score

Your Score History

You have not taken this quiz